Pontos Turísticos Brasileiros - Statistics

Estatísticas Gerais
  • Esse quiz foi jogado 233 vezes
  • A pontuação média é 29 de 53
Estatísticas das Respostas
Pontos Turísticos Estado % Correto
Cataratas do Iguaçu Paraná
91%
Corcovado Rio de Janeiro
90%
Pantanal Mato Grosso
88%
Floresta da Tijuca Rio de Janeiro
85%
Floresta Amazônica Amazonas
84%
Pelourinho Bahia
84%
Parque Nacional dos Lençóis Maranhenses Maranhão
84%
Maracanã Rio de Janeiro
84%
Parque do Ibirapuera São Paulo
83%
Praia de Copacabana Rio de Janeiro
82%
Congresso Nacional do Brasil Distrito Federal
80%
Museu Língua Portuguesa São Paulo
76%
Elevador Lacerda Bahia
74%
Sambódromo Marquês de Sapucaí Rio de Janeiro
73%
Teatro Amazonas Amazonas
70%
Santuário Nacional de Nossa Senhora Aparecida São Paulo
70%
Chapada dos Veadeiros Goiás
69%
Usina Hidrelétrica de Itaipu Paraná
69%
Praça Tiradentes Minas Gerais
68%
Praia de Porto de Galinhas Pernambuco
68%
Igreja São Francisco de Assis da Pampulha Minas Gerais
66%
Beto Carrero World Santa Catarina
66%
Estação da Luz São Paulo
62%
Praia de Maragogi Alagoas
61%
Ilha de Marajó Pará
61%
Museu Imperial Rio de Janeiro
61%
Hopi Hari São Paulo
59%
Beach Park Ceará
58%
Jurerê Internacional Santa Catarina
55%
Chapada Diamantina Bahia
54%
Praia de Jericoacoara Ceará
54%
Catedral Metropolitana de Brasília Distrito Federal
51%
Museu do Aleijadinho Minas Gerais
51%
Encontro das Águas Amazonas
50%
Chapada dos Guimarães Mato Grosso
49%
Praia da Pipa Rio Grande do Norte
47%
Autódromo de Interlagos São Paulo
47%
Igreja de Nossa Senhora da Candelária Rio de Janeiro
44%
Templo de Salomão São Paulo
41%
Praia de Canoa Quebrada Ceará
34%
Centro de Arte Contemporânea Inhotim Minas Gerais
30%
Museu de Arte Contemporânea - MAC Rio de Janeiro
30%
Parque Ambiental Chico Mendes Acre
29%
Vale dos Vinhedos Rio Grande do Sul
27%
Snowland Rio Grande do Sul
27%
Gruta do Lago Azul Mato Grosso do Sul
25%
Parque Nacional de Itatiaia Rio de Janeiro
25%
Cascata do Caracol Rio Grande do Sul
25%
Parque das Aves Paraná
24%
Parque Nacional da Serra da Capivara Piauí
20%
Parque Estadual do Ibitipoca Minas Gerais
17%
Museu Oscar Niemeyer Paraná
15%
Baía de Sancho Recife
5%
Nenhum quiz correspondente encontrado
Distribuição das Pontuações
Porcentagem de Pessoas com Cada Pontuação
Percentil de Números Respondidos
Sua Pontuação Histórica
Você não jogou esse quiz